Statistics for Movies by Country Quiz #2

Click here to take the quiz!

General Stats

  • This quiz has been taken 42,362 times
    (16,917 since last reset)
  • The average score is 14 of 20

Answer Stats

MovieCountry% Correct
Ferris Bueller's Day Off | GhostbustersUnited States
96%
Finding Nemo | Quigley Down UnderAustralia
94%
Mulan | Ip ManChina
93%
Moulin Rouge | TakenFrance
85%
101 Dalmatians | Spice WorldUnited Kingdom
83%
Exodus | Passion of the ChristIsrael
81%
The Jungle Book | Monsoon WeddingIndia
75%
Rocky IV | Red SparrowRussia
74%
In Bruges | PasschendaeleBelgium
71%
Parasite | OldboySouth Korea
71%
Black Hawk Down | Captain PhillipsSomalia
66%
Argo | PersepolisIran
65%
Lost in Translation | RashomonJapan
62%
Scott Pilgrim vs. the World |
Strange Brew
Canada
60%
Life is Beautiful | Eat, Pray, LoveItaly
60%
Cool Runnings |
The Harder They Come
Jamaica
60%
Heidi | The Eiger SanctionSwitzerland
56%
The Hurt Locker | Three KingsIraq
54%
Up | Mega PiranhaVenezuela
43%
Stargate | The English PatientEgypt
33%

Score Distribution

Percentile by Number Answered

Percent of People with Each Score

Your Score History

You have not taken this quiz since the last reset